C animals - Statistics

General Stats
  • This quiz has been taken 71 times
  • The average score is 11 of 13
Answer Stats
Picture Answer % Correct
Camel
98%
Cat
97%
Cow
95%
Cheetah
90%
Chicken
89%
Chimpanzee
89%
Caterpillar
87%
Crab
87%
Clownfish
84%
Chameleon
81%
Chipmunk
76%
Centipede
74%
Corgi
74%
No matching quizzes found
Score Distribution
Percent of People with Each Score
Percentile by Number Answered
Your Score History
You have not taken this quiz